[Event "Turkey IS Bank Super League 2017"]
[Site "Darica-Kocaeli"]
[Date "2017.07.26"]
[Round "1.34"]
[White "Korobov, Anton"]
[Black "Maghsoodloo, Parham"]
[Result "1/2-1/2"]
[WhiteElo "2668"]
[BlackElo "2584"]
[Annotator "TA"]
[PlyCount "155"]
[EventType "team-tourn"]
[EventCountry "TUR"]
[SourceTitle "playchess.com"]
[Source "ChessBase"]
[SourceQuality "1"]

{[%evp 14,155,35,41,34,24,30,30,30,26,44,42,41,33,39,24,24,24,20,-20,0,-11,-11,-11,-11,-11,-4,-4,-4,-6,0,-11,-18,-17,-9,-20,-2,-18,0,0,0,-75,-70,-82,-85,-83,0,0,0,-59,-67,-60,-32,-16,-30,-72,-72,-86,-64,-78,-59,-65,-37,-35,-13,-16,-22,-15,-19,-17,-15,-29,-22,-31,0,0,0,-16,-17,-26,0,0,0,-39,-39,-51,-39,-97,-89,-117,-32,-94,-81,-84,-97,-104,-114,-98,0,-32,-29,-95,0,0,0,-64,-64,-64,-64,-64,-64,-64,-64,-79,-63,-57,-15,-16,-15,-15,-8,-15,-15,-64,-23,-31,-29,-43,0,0,0,0,0,0,0,0,0,0,0,-8,0,0,0,0]} 1. Nf3 Nf6 2. c4 g6 3. Nc3 d5 4. cxd5 Nxd5 5. Qc2 (5. e4 Nxc3 6. dxc3 Qxd1+ 7. Kxd1 Nd7 8. Bf4 c6 9. Kc2 Nc5 10. Nd2 Bg7 11. Be3 Na4 12. Bc4 Nb6 13. Bb3 Nd7 14. a4 O-O 15. h4 h5 16. a5 Ne5 17. f3 {½-½ (48) So,W (2812)-Mamedyarov,S (2800) Paris 2017}) 5... Nc6 6. d4 {A16: English Opening: 1...Nf6 with ...d5} Bg7 7. e4 Nxc3 8. bxc3 {LiveBook: 5 Games. White is slightly better.} O-O 9. Bg5 Na5 10. Rd1 c5 11. d5 Qd6 12. Be2 e5 13. c4 $146 b6 14. h4 h6 15. Be3 f5 16. g3 Nb7 17. Qc1 Qf6 18. Rh2 ({Don't go for} 18. Bxh6 $2 fxe4 19. Bg5 Qf7 $19) 18... fxe4 19. Nd2 $1 {[%cal Rd2e4]} Nd6 20. Qb1 h5 21. Bg5 Qf7 $1 ({Reject} 21... Qf5 $6 22. Be7 $16) 22. Nxe4 Nxe4 23. Qxe4 Bf5 24. Qe3 e4 25. Kf1 Rae8 (25... Bd4 $5 26. Qf4 e3 27. fxe3 Bc2 28. Qxf7+ Rxf7+ 29. Kg2 Bxd1 30. Bxd1 Bf6 $11) 26. Kg1 Qd7 27. Rd2 (27. Qd2 $11 {keeps the balance.}) 27... Bg4 $17 28. Bxg4 Qxg4 29. d6 {[#] aiming for d7.} Rf7 ({Black should try} 29... Bd4 $17 30. Rxd4 cxd4 31. Qxd4 Rf7) 30. Be7 $1 $11 Bd4 31. Rxd4 (31. Qg5 $1 $11) 31... cxd4 $15 32. Qxd4 Rexe7 (32... Qd7 $5 {[%cal Rf7e7]} 33. Qd5 Rexe7 34. dxe7 Qxe7 $17) 33. dxe7 Rxe7 $11 {[%mdl 4096] Endgame KQR-KQR} 34. Rg2 Rd7 35. Qf6 Qf5 36. Qc6 Kf7 37. Kh2 Qe6 38. Qc8 Rd4 (38... Re7 $5 {[%cal Re6c8]} 39. Qh8 Qf6 $15) 39. Qh8 Qf6 40. Qa8 Qe7 41. Qh8 Rxc4 42. Qh7+ Kf6 43. Qh8+ Kf5 44. Qh6 Qf6 45. Rg1 Ke6 $36 {[%mdl 2048] White is under pressure.} 46. Rf1 Rc2 47. Kg1 $1 Rxa2 48. Qc1 Ke7 49. Qb1 Ra4 50. Qc2 (50. Qb3 $15 Ra1 51. Qb4+ Kd8 52. Qxe4) 50... Rd4 $17 51. Re1 Qe5 (51... Kf8 $17 52. Qc8+ Kg7) 52. Qc6 ({Better is} 52. Qc8 $1 $15) 52... Kf7 53. Qa8 Qe7 54. Qh8 Qf6 55. Qa8 Ra4 (55... a5 $17 56. Qb7+ Kf8) 56. Qd5+ Kf8 57. Re2 (57. Rc1 $11 Ra1 58. Rxa1 Qxa1+ 59. Kg2) 57... Qd4 (57... Ra1+ $17 58. Kh2 Rf1 59. Qa8+ Kg7 60. Qxa7+ Kh6) 58. Qa8+ $11 Kg7 59. Qb7+ (59. Qe8 $11) 59... Kh6 $15 {[#] ( -> ...Qd1+)} 60. Qf7 Qg7 61. Qf4+ Kh7 62. Rxe4 Rxe4 63. Qxe4 {KQ-KQ} Qd7 64. f3 a5 {White must now prevent ...a4.} (64... Qd6 $5 {[%cal Rd6g3]} 65. Kg2 a5 $17) 65. g4 $1 hxg4 66. fxg4 Qd6 67. Kg2 Kg7 68. Kf3 Qc7 69. Qd4+ Kh7 70. Qe4 b5 71. h5 {The position is equal.} Qc3+ 72. Kg2 Qf6 73. Qb7+ Kh6 {...Qb2+ is the strong threat.} 74. Qxb5 Qg5 75. Qd7 gxh5 76. Qe6+ Kg7 (76... Qg6 $5 77. Qe3+ $8 Qg5 78. Qb6+ Qg6 79. Qe3+ Qg5 80. Qb6+ Kg7 81. Qc7+ Kg8 82. Qc8+ Kf7 83. Qc4+ Kf8 84. Qc8+ Kg7 85. Qc7+ Kh8 86. Qb8+ Kh7 87. Qb7+ Qg7 88. Qe4+ Qg6 89. Qe7+ Kh8 90. Qe5+ Kg8 $11) 77. Qd7+ Kf8 (77... Kf6 $5 {[%cal Rg5g4]} 78. Qd8+ Kg6 79. Qg8+ Kh6 80. Qh8+ Kg6 81. Qg8+ Kf6 82. Qd8+ Kg6 83. Qg8+ $11) 78. Qd6+ {Precision: White = 53%, Black = 59%.} 1/2-1/2

[Event "Turkey IS Bank Super League 2017"]
[Site "Darica-Kocaeli"]
[Date "2017.07.26"]
[Round "1.35"]
[White "Abasov, Nijat"]
[Black "Erdogdu, Mert"]
[Result "1/2-1/2"]
[WhiteElo "2577"]
[BlackElo "2445"]
[Annotator "TA"]
[PlyCount "103"]
[EventType "team-tourn"]
[EventCountry "TUR"]
[SourceTitle "playchess.com"]
[Source "ChessBase"]
[SourceQuality "1"]

{[%evp 16,103,31,45,53,44,44,45,72,9,28,28,25,32,48,64,120,132,127,120,117,44,25,0,0,0,0,0,0,0,8,0,-10,0,-2,-30,-25,-27,-29,-169,-149,-146,-163,-148,-122,-164,-164,-142,-76,-57,-57,-85,-49,-85,0,-14,70,70,140,75,66,66,66,0,0,0,0,0,41,0,0,0,0,0,0,-16,-19,-19,-19,-19,0,-49,0,0,0,0,0,0,0,0]} 1. c4 Nf6 2. Nc3 g6 3. e4 d6 4. d4 Bg7 5. Be2 O-O 6. Bg5 Na6 7. h4 {[%cal Bh2h4,Bh4h5,Bh5h6][%mdl 32]} e5 8. d5 c6 9. h5 cxd5 {E73: King's Indian: Averbakh Variation without 6...c5} (9... h6 10. Be3 Nc5 11. hxg6 fxg6 12. f3 cxd5 13. cxd5 Nh5 14. Qd2 Nf4 15. Bf1 g5 16. O-O-O Bd7 17. Kb1 {1-0 (35) Yakovich,Y (2567)-Gorovykh,E (2390) St Petersburg 2008}) 10. h6 Bh8 11. cxd5 Qb6 {White is slightly better.} 12. Qc2 (12. Rb1 $16) 12... Bd7 13. Nf3 {[%cal Bg1f3,Bf3d2,Bd2c4][%mdl 32]} Ng4 $146 ({NOTEXT:} 13... Nc5 14. Nd2 Rfc8 15. O-O a5 16. Rfc1 a4 17. Qd1 Qa5 18. Qf1 Rab8 19. Nc4 Qc7 20. Nd2 Qa5 21. Nc4 Qc7 22. Nd2 {½-½ (22) Tijam,D-Frohne,G Germany 1995}) 14. O-O f6 15. Bc1 g5 {[#]} (15... Qd8 $14) 16. Nd2 $1 $16 Nxh6 17. Nc4 Qc7 18. Qb3 (18. a4 $16) 18... Nc5 $14 19. Qa3 a5 $1 20. b4 axb4 21. Qxb4 Na4 {aiming for ...Nxc3.} 22. Nd1 Nf7 23. Ba3 Nc5 $36 {[%mdl 2048] Black is pushing.} 24. Rc1 b6 25. Nc3 Bg7 26. Nb5 Qb8 27. Nbxd6 (27. Qb1 $11 {and White stays safe.}) 27... Nxd6 $19 28. Nxb6 {[#]} Rxa3 $1 29. Qxa3 Qxb6 30. Qxc5 Qxc5 31. Rxc5 Ra8 (31... Nxe4 $142 32. Rc7 Rd8) 32. Rc7 $17 Be8 33. Bg4 Bf8 34. Rb1 Bb5 ({Avoid the trap} 34... Rxa2 $2 35. Be6+ Bf7 36. Rb8 $18) ({Better is} 34... Nxe4 $17 {Strongly threatening ...Bd6.} 35. Bf5 Bg6 36. Bxg6 hxg6) 35. Rb2 Ra4 (35... Bd3 $11) 36. f3 $14 {[%mdl 1024] White has compensation.} Ra3 {[#]} ({Black should try} 36... Ra8 $14) 37. Kh2 ({White should play} 37. Be6+ $1 Kh8 38. Rc5) 37... Ra8 $16 38. Be6+ Kh8 39. Bd7 (39. g4 $1 $14) 39... Bxd7 $11 40. Rxd7 f5 41. exf5 Nxf5 42. Rb6 Kg8 43. Rf6 Nh4 44. g3 Ng6 45. Rf5 g4 46. fxg4 Rxa2+ 47. Kh3 Rd2 (47... e4 $5 {[%cal Re4e3]} 48. Rd8 e3 $15) 48. g5 Rd4 49. Rd8 {The position is equal.} Kg7 50. Rd7+ Kg8 51. Rd8 Kg7 52. Rd7+ {Precision: White = 42%, Black = 51%.} 1/2-1/2

[Event "Turkey IS Bank Super League 2017"]
[Site "Darica-Kocaeli"]
[Date "2017.07.26"]
[Round "1.36"]
[White "Citak, Selim"]
[Black "Soylu, Suat"]
[Result "1-0"]
[WhiteElo "2306"]
[BlackElo "2348"]
[Annotator "NA"]
[PlyCount "103"]
[EventType "team-tourn"]
[EventCountry "TUR"]
[SourceTitle "playchess.com"]
[Source "ChessBase"]
[SourceQuality "1"]
[TimeControl "40/5400+30:1800+30"]

1. d4 {[%emt 0:00:30] 34]%[} Nf6 {[%emt 0:01:00] 34]%[} 2. c4 {[%emt 0:00:30] 34]%[} g6 {[%emt 0:00:30] 344]} 3. Nc3 {[%emt 0:00:30] ]34]} Bg7 {[%emt 0:00:00] ]34]} 4. Nf3 {[%emt 0:01:30] ]3]} O-O {[%emt 0:00:00] ]]3} 5. g3 {[%emt 0:00:30] ]]3} c5 {[%emt 0:03:30] ]]3} 6. Bg2 {[%emt 0:00:30] ]]3} cxd4 {[%emt 0:02:30] ]]3} 7. Nxd4 {[%emt 0:00:30] ]]3} Nc6 {[%emt 0:00:30] ]]} 8. O-O {[%emt 0:00:30] ]]]} Qa5 {[%emt 0:00:00] ]]]} 9. e3 {[%emt 0:05:30] ]]]} Ne5 {[%emt 0:21:00] ]]]} 10. Nb3 {[%emt 0:08:30] ]]]} Qb4 {[%emt 0:09:30] ]]]} 11. c5 {[%emt 0:02:30] ]]} d6 {[%emt 0:07:30] ]]} 12. Qd4 {[%emt 0:12:30] ]]} a5 {[%emt 0:08:30] ]]} 13. cxd6 {[%emt 0:02:30] ]]} exd6 {[%emt 0:00:30] ]]} 14. Qxb4 {[%emt 0:07:30] ]]} axb4 {[%emt 0:00:30] ]]} 15. Nb5 {[%emt 0:00:30] ]]} Ra6 {[%emt 0:13:30] ]]} 16. Bd2 {[%emt 0:09:30] ]]} Nd3 {[%emt 0:04:30] ]]} 17. N5d4 {[%emt 0:02:30] ]]} d5 {[%emt 0:01:30] ]]} 18. Nc1 {[%emt 0:05:30] ]]} Nxb2 {[%emt 0:02:30] ]]]} 19. Bxb4 {[%emt 0:02:30] ]]]} Re8 {[%emt 0:01:30] ]]]} 20. Ncb3 {[%emt 0:08:30] ]]]} Nd3 {[%emt 0:02:13]} 21. a3 {[%emt 0:00:30] 7]} Ne4 {[%emt 0:04:40] [%clk 0:12.44]]]} 22. Rad1 {[%emt 0:05:30] ]]]} Nxb4 {[%emt 0:02:53] %%cc} 23. axb4 {[%emt 0:00:30] ]]%%} Rb6 {[%emt 0:01:30] %%cc} 24. Nc2 {[%emt 0:05:59] %%c} Nc3 {[%emt 0:01:17] %} 25. Rd2 {[%emt 0:00:59] ]} Be6 {[%emt 0:01:35] ]} 26. Nbd4 {[%emt 0:03:55] ]} Bxd4 {[%emt 0:00:47] ]]} 27. Nxd4 {[%emt 0:01:31] ]]} Rxb4 {[%emt 0:00:13] ]]} 28. Rc1 {[%emt 0:00:49] ]]} Rc8 {[%emt 0:00:59] ]]} 29. Kf1 {[%emt 0:02:16] ]]} b5 {[%emt 0:01:32] [%clk 0:06.22]]]} 30. Nxe6 {[%emt 0:02:57] c%l} fxe6 {[%emt 0:02:29]} 31. Bh3 {[%emt 0:00:30]} Rc6 {[%emt 0:00:30] [%clk 0:02.18]} 32. Bxe6+ {[%emt 0:04:04] %} Rxe6 {[%emt 0:04:34] %} 33. Rxc3 {[%emt 0:00:30]} Rb1+ {[%emt 0:00:30]} 34. Ke2 {[%emt 0:00:30]} b4 {[%emt 0:00:30]} 35. Rcd3 {[%emt 0:00:30] [%clk 0:30]} Re5 {[%emt 0:00:00]} 36. Rxd5 {[%emt 0:00:00]} Rxd5 {[%emt 0:00:00]} 37. Rxd5 {[%emt 0:00:00]} b3 {[%emt 0:00:00]} 38. Rb5 {[%emt 0:00:00]} h5 {[%emt 0:00:00]} 39. Rb7 {[%emt 0:00:00]} Kf8 {[%emt 0:00:00]} 40. h4 {[%emt 0:00:00]} Ke8 {[%emt 0:03:18]} 41. Kf3 {[%emt 0:06:30]} Kd8 {[%emt 0:00:00]} 42. Kf4 {[%emt 0:03:30]} Kc8 {[%emt 0:00:00]} 43. Rb4 {[%emt 0:00:30]} Kc7 {[%emt 0:00:30]} 44. Kg5 {[%emt 0:00:30]} Kc6 {[%emt 0:00:30]} 45. Kxg6 {[%emt 0:00:30]} Kc5 {[%emt 0:00:30]} 46. Rb8 {[%emt 0:00:30]} Kc4 {[%emt 0:00:00]} 47. e4 {[%emt 0:04:30]} Rf1 {[%emt 0:02:00]} 48. f4 {[%emt 0:03:30]} Rf3 {[%emt 0:00:00]} 49. f5 {[%emt 0:00:39]} Kd4 {[%emt 0:02:00]} 50. f6 {[%emt 0:01:17]} Rxg3+ {[%emt 0:00:30]} 51. Kf5 {[%emt 0:01:08]} Rf3+ {[%emt 0:01:30]} 52. Ke6 {[%emt 0:00:36]} 1-0

[Event "Turkey IS Bank Super League 2017"]
[Site "Darica-Kocaeli"]
[Date "2017.07.26"]
[Round "1.38"]
[White "Yurtseven, Melih"]
[Black "Agdelen, Huseyin Can"]
[Result "0-1"]
[WhiteElo "2353"]
[BlackElo "2309"]
[Annotator "NA"]
[PlyCount "122"]
[EventType "team-tourn"]
[EventCountry "TUR"]
[SourceTitle "playchess.com"]
[Source "ChessBase"]
[SourceQuality "1"]
[TimeControl "40/5400+30:1800+30"]

1. Nf3 {[%emt 0:00:30] ]2} Nf6 {[%emt 0:01:00] ]2} 2. g3 {[%emt 0:00:30] ]2} g6 {[%emt 0:00:30] ]} 3. b3 {[%emt 0:00:30] ]]} Bg7 {[%emt 0:00:30] ]]} 4. Bb2 {[%emt 0:00:30] ]]} c5 {[%emt 0:00:30] ]]} 5. c4 {[%emt 0:00:30] ]]} d6 {[%emt 0:00:30] ]]} 6. Bg2 {[%emt 0:00:00] ]]} e5 {[%emt 0:00:00] ]]]} 7. O-O {[%emt 0:00:00] ]]]} O-O {[%emt 0:00:00] ]]]} 8. Nc3 {[%emt 0:00:00] ]]]} Nc6 {[%emt 0:02:30] ]]]} 9. Ne1 {[%emt 0:06:00] ]]]} Ng4 {[%emt 0:11:30] ]]]} 10. Nd5 {[%emt 0:02:30] ]]]} Rb8 {[%emt 0:02:30] ]]]} 11. Nc2 {[%emt 0:01:30] ]]]} Bd7 {[%emt 0:13:30] ]]]} 12. e3 {[%emt 0:03:30] ]]]} Nh6 {[%emt 0:02:30] ]]]} 13. Bc3 {[%emt 0:03:30] ]]]} b5 {[%emt 0:14:30] ]]]} 14. cxb5 {[%emt 0:05:30] ]]]} Rxb5 {[%emt 0:00:30] ]]]} 15. b4 {[%emt 0:01:30] ]]]} Kh8 {[%emt 0:37:01] %} 16. Qe2 {[%emt 0:05:30] 9]]} Rb8 {[%emt 0:01:39] ]]} 17. Rfc1 {[%emt 0:03:30] 00]]} Be6 {[%emt 0:05:48] 0]} 18. Qa6 {[%emt 0:05:30] 2]0]} Bxd5 {[%emt 0:01:50] 0]} 19. Bxd5 {[%emt 0:00:30] 4]0]} Nxb4 {[%emt 0:00:34] 0]} 20. Bxb4 {[%emt 0:02:30] ]]0]} cxb4 {[%emt 0:00:02] 0]} 21. Rab1 {[%emt 0:00:30] 6]]]} Qd7 {[%emt 0:01:59] ]]} 22. Rxb4 {[%emt 0:02:30] 37]]} Rbc8 {[%emt 0:00:07] 7} 23. Rbb1 {[%emt 0:11:30] ] [%clk 0:35:0] 4][} Rc5 {[%emt 0:00:45] %lck} 24. Nb4 {[%emt 0:08:30] 55} Rb8 {[%emt 0:00:30]} 25. a3 {[%emt 0:12:30] 4]} Rxb4 {[%emt 0:02:01]} 26. axb4 {[%emt 0:00:30] ]]]} Rxd5 {[%emt 0:00:00] ]} 27. Qc8+ {[%emt 0:00:30] 8]]} Qxc8 {[%emt 0:00:06] ]} 28. Rxc8+ {[%emt 0:00:30] 8]]} Ng8 {[%emt 0:00:30] ]} 29. Ra1 {[%emt 0:00:00] 8]]} Bf6 {[%emt 0:00:54] [%clk 0:00.46]} 30. Rxa7 {[%emt 0:09:15] %%c} Kg7 {[%emt 0:00:28] %%} 31. Rc2 {[%emt 0:00:30] %%} Rb5 {[%emt 0:00:30] %%} 32. Rb2 {[%emt 0:00:30] %%} e4 {[%emt 0:00:30] %%} 33. Rb3 {[%emt 0:00:30] %%} Ne7 {[%emt 0:00:30] % [%clk 0:00:34] k} 34. Ra5 {[%emt 0:09:27] [} Rb8 {[%emt 0:00:42]} 35. Ra6 {[%emt 0:00:30]} Nd5 {[%emt 0:00:30] [%clk 0:00.43]} 36. Rxd6 {[%emt 0:04:57]} Rxb4 {[%emt 0:00:21]} 37. Rxb4 {[%emt 0:00:30]} Nxb4 {[%emt 0:00:30]} 38. g4 {[%emt 0:00:30]} Be7 {[%emt 0:00:30]} 39. Rd7 {[%emt 0:00:30]} Kf6 {[%emt 0:00:30]} 40. f3 {[%emt 0:00:30]} exf3 {[%emt 0:00:13]} 41. Kf2 {[%emt 0:03:51]} Ke6 {[%emt 0:06:30]} 42. Rd4 {[%emt 0:08:30]} Nc6 {[%emt 0:01:30]} 43. Ra4 {[%emt 0:05:06]} Ne5 {[%emt 0:01:30]} 44. Kg3 {[%emt 0:02:03]} Bd6 {[%emt 0:08:59]} 45. d4 {[%emt 0:00:52]} f2 {[%emt 0:00:27]} 46. d5+ {[%emt 0:07:35]} Kxd5 {[%emt 0:00:30]} 47. Kxf2 {[%emt 0:02:30]} Nc4 {[%emt 0:02:57]} 48. e4+ {[%emt 0:00:59]} Kd4 {[%emt 0:00:04]} 49. h3 {[%emt 0:01:44]} Kd3 {[%emt 0:00:10]} 50. Kg2 {[%emt 0:01:34]} h6 {[%emt 0:05:54]} 51. Kf2 {[%emt 0:01:18]} Nd2 {[%emt 0:00:56]} 52. Ra6 {[%emt 0:00:40]} Nxe4+ {[%emt 0:00:13]} 53. Kf3 {[%emt 0:00:13]} Nd2+ {[%emt 0:00:41]} 54. Kg2 {[%emt 0:00:05]} Be5 {[%emt 0:00:48]} 55. Ra7 {[%emt 0:00:30]} f5 {[%emt 0:00:00]} 56. Ra6 {[%emt 0:00:27]} f4 {[%emt 0:00:14]} 57. Ra3+ {[%emt 0:00:38]} Ke4 {[%emt 0:00:07]} 58. Ra4+ {[%emt 0:01:39]} Bd4 {[%emt 0:00:30]} 59. Ra8 {[%emt 0:00:30]} f3+ {[%emt 0:00:30]} 60. Kg3 {[%emt 0:00:30]} f2 {[%emt 0:00:30]} 61. Re8+ {[%emt 0:00:30]} Kd5 {[%emt 0:00:30]} 0-1

[Event "Turkey IS Bank Super League 2017"]
[Site "Darica-Kocaeli"]
[Date "2017.07.26"]
[Round "1.39"]
[White "Tasdogen, Dincer"]
[Black "Unat, Can Haktan"]
[Result "1/2-1/2"]
[WhiteElo "2215"]
[BlackElo "2006"]
[Annotator "NA"]
[PlyCount "119"]
[EventType "team-tourn"]
[EventCountry "TUR"]
[SourceTitle "playchess.com"]
[Source "ChessBase"]
[SourceQuality "1"]
[TimeControl "40/5400+30:1800+30"]

1. e4 {[%emt 0:00:30] .464} c5 {[%emt 0:01:00] .464} 2. Nf3 {[%emt 0:00:30] .464} e6 {[%emt 0:00:30] .44} 3. d4 {[%emt 0:00:30] .444} cxd4 {[%emt 0:00:30] .444} 4. Nxd4 {[%emt 0:00:30] .444} Nc6 {[%emt 0:00:30] .44} 5. Nc3 {[%emt 0:00:30] ..4} Qc7 {[%emt 0:00:30] ..4} 6. Be3 {[%emt 0:00:30] ..} a6 {[%emt 0:00:30] ...} 7. a3 {[%emt 0:00:00] ...} Nf6 {[%emt 0:02:30] ...} 8. f4 {[%emt 0:00:00] ...} d5 {[%emt 0:09:30] ...} 9. exd5 {[%emt 0:15:30] ...} exd5 {[%emt 0:02:30] ..} 10. Qd2 {[%emt 0:01:30] ...} Bd6 {[%emt 0:04:30] ...} 11. Be2 {[%emt 0:47:30] ...} O-O {[%emt 0:01:30] ...} 12. O-O {[%emt 0:04:30] ...} Re8 {[%emt 0:00:30] ...} 13. Rad1 {[%emt 0:08:26] ]%} Nxd4 {[%emt 0:07:30] 0]]%} 14. Bxd4 {[%emt 0:03:51] ]%} Ne4 {[%emt 0:32:30] ] [%clk 0:24:0].6.} 15. Nxd5 {[%emt 0:10:31] clck} Qc6 {[%emt 0:09:30] 22c} 16. Qa5 {[%emt 0:00:19] ccc} b5 {[%emt 0:04:30] 3]]c} 17. Ne3 {[%emt 0:02:17] ccc} Bb7 {[%emt 0:04:40] c} 18. Bf3 {[%emt 0:00:57] ]} Qc8 {[%emt 0:06:24] ]} 19. Qe1 {[%emt 0:00:45] ]} Bxf4 {[%emt 0:00:23] ]} 20. Qh4 {[%emt 0:00:19] ]} Bg5 {[%emt 0:01:19] ]} 21. Qh5 {[%emt 0:00:31] ]} g6 {[%emt 0:00:29] ]} 22. Qg4 {[%emt 0:00:30] ]} Qxg4 {[%emt 0:00:00] [%clk 0:07.32] [%clk 0:02:19] 1} 23. Nxg4 {[%emt 0:00:26] %} f5 {[%emt 0:07:56] %} 24. Nf2 {[%emt 0:00:30] %} Rac8 {[%emt 0:00:30]} 25. c3 {[%emt 0:00:30]} Bd5 {[%emt 0:00:30]} 26. Bxe4 {[%emt 0:00:30]} fxe4 {[%emt 0:00:30]} 27. Ng4 {[%emt 0:00:30]} Be6 {[%emt 0:00:30]} 28. Nf6+ {[%emt 0:00:30]} Bxf6 {[%emt 0:00:30]} 29. Rxf6 {[%emt 0:00:30]} a5 {[%emt 0:00:30]} 30. Re1 {[%emt 0:00:30]} Bd5 {[%emt 0:00:30]} 31. h4 {[%emt 0:00:30]} Rf8 {[%emt 0:00:30]} 32. Rd6 {[%emt 0:00:30] [%clk 0:00.37]} Rcd8 {[%emt 0:01:46]} 33. Rxd8 {[%emt 0:00:31]} Rxd8 {[%emt 0:00:30]} 34. Bb6 {[%emt 0:00:30]} Ra8 {[%emt 0:00:30]} 35. Rd1 {[%emt 0:00:30]} Be6 {[%emt 0:00:30]} 36. Rd4 {[%emt 0:00:30]} Ra6 {[%emt 0:00:30]} 37. Bd8 {[%emt 0:00:30]} Bf5 {[%emt 0:00:30]} 38. Kf2 {[%emt 0:00:30]} Kf7 {[%emt 0:00:30]} 39. Ke3 {[%emt 0:00:30]} h5 {[%emt 0:00:30]} 40. Rd5 {[%emt 0:00:30]} Ra8 {[%emt 0:01:33]} 41. Bb6 {[%emt 0:07:07]} Ra6 {[%emt 0:00:00]} 42. Bd4 {[%emt 0:02:30]} a4 {[%emt 0:11:55]} 43. Rxb5 {[%emt 0:00:30]} Bd7 {[%emt 0:03:39]} 44. Rb7 {[%emt 0:05:23]} Ke6 {[%emt 0:00:04]} 45. Rb8 {[%emt 0:08:11]} Kd5 {[%emt 0:03:03]} 46. Rd8 {[%emt 0:07:29]} Ke6 {[%emt 0:01:09]} 47. Rf8 {[%emt 0:01:38]} Kd5 {[%emt 0:01:03]} 48. Rd8 {[%emt 0:01:01]} Ke6 {[%emt 0:00:02]} 49. g3 {[%emt 0:00:41]} Rd6 {[%emt 0:02:53]} 50. Rf8 {[%emt 0:00:30]} Kd5 {[%emt 0:00:00]} 51. Rd8 {[%emt 0:00:44]} Ke6 {[%emt 0:00:00]} 52. Rb8 {[%emt 0:00:16]} Kd5 {[%emt 0:01:11]} 53. Rb4 {[%emt 0:00:26]} Rc6 {[%emt 0:01:20]} 54. Rb5+ {[%emt 0:00:30]} Kc4 {[%emt 0:00:00]} 55. Rb4+ {[%emt 0:00:36]} Kd5 {[%emt 0:00:00]} 56. Rb7 {[%emt 0:00:31]} Rd6 {[%emt 0:00:34]} 57. Ra7 {[%emt 0:00:27]} Bb5 {[%emt 0:02:57]} 58. Ra5 {[%emt 0:00:42]} Kc4 {[%emt 0:00:07]} 59. b3+ {[%emt 0:00:47]} axb3 {[%emt 0:00:30]} 60. a4 {[%emt 0:00:00]} 1/2-1/2

[Event "Turkey IS Bank Super League 2017"]
[Site "Darica-Kocaeli"]
[Date "2017.07.26"]
[Round "1.40"]
[White "Sade, Defne"]
[Black "Celik, Eda"]
[Result "0-1"]
[WhiteElo "1654"]
[BlackElo "1939"]
[Annotator "NA"]
[PlyCount "82"]
[EventType "team-tourn"]
[EventCountry "TUR"]
[SourceTitle "playchess.com"]
[Source "ChessBase"]
[SourceQuality "1"]
[TimeControl "40/5400+30:1800+30"]

1. e4 {[%emt 0:00:30] .6]8} c5 {[%emt 0:01:00] .6]8} 2. Nf3 {[%emt 0:00:30] .6]8} e6 {[%emt 0:00:30] .68} 3. d4 {[%emt 0:00:30] .668} cxd4 {[%emt 0:00:30] .668} 4. Nxd4 {[%emt 0:00:30] .668} a6 {[%emt 0:00:30] .66} 5. c4 {[%emt 0:00:30] ..6} Nf6 {[%emt 0:00:30] ..6} 6. Nc3 {[%emt 0:00:30] ..} Qc7 {[%emt 0:00:30] ...} 7. Be2 {[%emt 0:00:00] ...} b6 {[%emt 0:00:30] ...} 8. O-O {[%emt 0:03:00] ...} Bb7 {[%emt 0:02:30] ...} 9. f3 {[%emt 0:02:30] ...} d6 {[%emt 0:00:30] ...} 10. Be3 {[%emt 0:00:30] ...} Nbd7 {[%emt 0:01:30] ...} 11. Rc1 {[%emt 0:03:30] ...} Be7 {[%emt 0:00:30] ...} 12. Nb3 {[%emt 0:05:30] ...} Rc8 {[%emt 0:03:30] ...} 13. Qd2 {[%emt 0:02:30] ...} O-O {[%emt 0:02:30] ...} 14. Rfd1 {[%emt 0:00:30] ...} Qb8 {[%emt 0:16:30] ...} 15. Bf4 {[%emt 0:09:30] ....} Ne5 {[%emt 0:00:30] ...} 16. Qd4 {[%emt 0:05:30] ...} Bd8 {[%emt 0:08:30] ...} 17. Bg3 {[%emt 0:11:30] ...} Bc7 {[%emt 0:01:30] ...} 18. Bh4 {[%emt 0:08:30] ..} Ned7 {[%emt 0:17:30] ...} 19. Kh1 {[%emt 0:08:30] ...} Rfe8 {[%emt 0:02:30] ...} 20. Bg3 {[%emt 0:07:30] ...} Ne5 {[%emt 0:00:30] ...} 21. f4 {[%emt 0:01:30] ]..} Ng6 {[%emt 0:06:30] ].} 22. Qe3 {[%emt 0:02:30] [%clk 0:24]07.} d5 {[%emt 0:21:11] kk} 23. e5 {[%emt 0:01:30] 99} dxc4 {[%emt 0:00:30] kk} 24. Bxc4 {[%emt 0:00:30] 9]} Nh5 {[%emt 0:00:59] kk} 25. Be2 {[%emt 0:04:30] 0]]} Nxg3+ {[%emt 0:00:35] ]} 26. hxg3 {[%emt 0:02:24]} f6 {[%emt 0:05:49] ]} 27. exf6 {[%emt 0:01:38] ]} gxf6 {[%emt 0:00:05] ]} 28. Bc4 {[%emt 0:00:56] ]} Nf8 {[%emt 0:01:00] [%clk 0:05.21] [%clk 0:01:24]} 29. Qe2 {[%emt 0:14:55] %} Re7 {[%emt 0:04:27] %} 30. Bxa6 {[%emt 0:00:30]} Bxa6 {[%emt 0:00:30]} 31. Qxa6 {[%emt 0:00:30]} Rg7 {[%emt 0:00:30]} 32. Ne4 {[%emt 0:00:30]} Rg6 {[%emt 0:00:30] [%clk 0:01.39]} 33. Qc4 {[%emt 0:02:04]} b5 {[%emt 0:00:15]} 34. Qc6 {[%emt 0:00:30]} Rh6+ {[%emt 0:00:30]} 35. Kg1 {[%emt 0:00:30]} Bb6+ {[%emt 0:00:30]} 36. Kf1 {[%emt 0:00:30]} Rxc6 {[%emt 0:00:30]} 37. Rxc6 {[%emt 0:00:30]} Rh1+ {[%emt 0:00:30]} 38. Ke2 {[%emt 0:00:30]} Rxd1 {[%emt 0:00:30]} 39. Kxd1 {[%emt 0:00:30]} Qb7 {[%emt 0:00:30]} 40. Nxf6+ {[%emt 0:00:30]} Kf7 {[%emt 0:30:30]} 41. Rd6 {[%emt 0:30:30]} Kxf6 {[%emt 0:00:00]} 0-1